Manual de Bioquímica (Record no. 86384)

MARC details
000 -LEADER
campo de control de longitud fija 00555nam a2200181 i 4500
001 - NÚMERO DE CONTROL
campo de control 86384
003 - IDENTIFICADOR DE NÚMERO DE CONTROL
campo de control ES-MaACL
005 - FECHA Y HORA DE LA ÚLTIMA TRANSACCIÓN
campo de control 20230906175433.0
007 - CAMPO FIJO DE DESCRIPCIÓN FÍSICA--INFORMACIÓN GENERAL
campo de control de longitud fija t|
008 - DATOS DE LONGITUD FIJA--INFORMACIÓN GENERAL
campo de control de longitud fija 041209s1969 sp ||||1| spa d
100 1# - ENTRADA PRINCIPAL--NOMBRE DE PERSONA
Nombre de persona Karlson, Peter.
9 (RLIN) 67567
245 10 - MENCIÓN DEL TÍTULO
Título Manual de Bioquímica
Resto del título : para médicos, naturalistas y farmaceúticos /
Mención de responsabilidad, etc. por P. Karlson ; versión, F. Pulido.
250 ## - MENCION DE EDICION
Mención de edición 3ª ed.
260 ## - PUBLICACIÓN, DISTRIBUCIÓN, ETC.
Lugar de publicación, distribución, etc. Barcelona :
Nombre del editor, distribuidor, etc. Marín,
Fecha de publicación, distribución, etc. [1969]
300 ## - DESCRIPCIÓN FÍSICA
Extensión XVI, 423 p. :
Otras características físicas il. ;
Dimensiones 24 cm.
700 1# - ENTRADA AGREGADA--NOMBRE PERSONAL
Nombre de persona Pulido, F.
9 (RLIN) 94370
852 ## - LOCALIZACIÓN
Ubicación ES-MaACL
Número de control de estantería C-37798
Sublocalización o colección R.70842
Holdings
Estatus retirado Estado de pérdida Estado de daño No para préstamo Biblioteca de origen Biblioteca actual Ubicación en estantería Fecha de adquisición Fuente de adquisición Total de préstamos Signatura topográfica completa Código de barras Visto por última vez Precio de reemplazo Tipo de ítem Koha
        Biblioteca del Ateneo de Madrid Biblioteca del Ateneo de Madrid Depósito 2 17/01/2008     C-37798 1090254 23/02/2023 23/02/2023 Libro impreso